[Event "Quezon City U1800 op"]
[Site "Quezon City"]
[Date "2025.05.04"]
[Round "4"]
[White "Mendoza, Marc Jamir Kyle"]
[Black "Sy, Asher Judd"]
[Result "0-1"]
[WhiteElo "1711"]
[BlackElo "1583"]
[PlyCount "90"]
[EventDate "2025.05.03"]
[EventType "swiss"]
[EventRounds "7"]
[EventCountry "PHI"]
[SourceTitle "CB19_2025"]
[SourceDate "2025.05.07"]
[SourceVersion "1"]
[SourceVersionDate "2025.05.07"]
[SourceQuality "1"]

1. c4 Nf6 2. g3 g6 3. Bg2 Bg7 4. Nc3 Nc6 5. e4 d6 6. Nge2 e5 7. 0-0 0-0 8. h3 a6 9. d3 Rb8 10. Be3 Be6 11. Qd2 Qd7 12. Kh2 b5 13. b3 Nh5 14. g4 Nf4 15. Nxf4 exf4 16. Bxf4 b4 17. Nd5 Bxa1 18. Rxa1 Bxd5 19. exd5 Nd8 20. Bh6 Re8 21. Qb2 f6 22. Qxf6 Qf7 23. Qd4 Nb7 24. f4 Nc5 25. Be4 Re7 26. Bg5 Rd7 27. Rg1 Re8 28. Rg2 Qf8 29. f5 Nxe4 30. dxe4 h6 31. Bd2 Rde7 32. Re2 a5 33. h4 Qg7 34. f6 Qh8 35. Rf2 Rf7 36. Kg3 Re5 37. Bf4 Re8 38. e5 dxe5 39. Bxe5 Qh7 40. d6 cxd6 41. Bxd6 g5 42. h5 Qb1 43. Qd5 Qg1+ 44. Qg2 Re3+ 45. Rf3 Rxf3+ 0-1